Loading...
| Literature - European | 0 | 4 | 0 | 0 | 40 | 35 | 98.50 | 1 | 2 | 12.45 | 22.73 |
| Literature - World/Other | 0 | 4 | 1 | 0 | 35 | 31 | 88.50 | 2 | 2 | 14.67 | 33.00 |
| Literature - British | 0 | 4 | 1 | 1 | 35 | 44 | 85.00 | 1 | 1 | 15.19 | 30.00 |
| Fine Arts - Visual | 0 | 3 | 0 | 1 | 30 | 119 | 125.67 | 0 | 1 | 1.49 | 10.50 |
| Mythology | 0 | 3 | 0 | 0 | 30 | 84 | 99.67 | 0 | 0 | 7.93 | 16.50 |
| Religion | 0 | 3 | 1 | 1 | 25 | 50 | 77.00 | 0 | 3 | 12.61 | 21.67 |
| Fine Arts - Other | 0 | 2 | 1 | 0 | 15 | 94 | 117.50 | 0 | 0 | 2.42 | 4.11 |
| Fine Arts - Classical Music | 0 | 1 | 0 | 1 | 10 | 136 | 136.00 | 0 | 0 | -0.07 | 1.25 |
| History - European | 0 | 1 | 0 | 1 | 10 | 90 | 90.00 | 0 | 0 | 2.74 | 7.00 |
| History - Other | 0 | 1 | 0 | 0 | 10 | 69 | 69.00 | 0 | 0 | 3.73 | 4.55 |
| Science - Physics | 0 | 1 | 0 | 0 | 10 | 63 | 63.00 | 0 | 0 | 4.06 | 10.00 |
| Literature - American | 0 | 1 | 2 | 0 | 0 | 114 | 114.00 | 0 | 0 | 2.30 | 3.00 |
| History - American | 0 | 0 | 1 | 0 | -5 | 0.00 | 0 | 0 | 0.00 | 0.00 |